000 00317nam a22001457a 4500
008 210310b ||||| |||| 00| 0 eng d
020 _a9780205189441
041 _aeng
080 _28th
_a159.9
082 _a159.9
100 _a48
101 _aPSI
245 _aSocial Psychology
_cBaron, R. A
942 _2udc
_cBK
999 _c56214
_d56214